000 nam a22 7a 4500
999 _c9582
_d9582
008 180205b ||||| |||| 00| 0 eng d
100 _aJain,R.K.
_95730
245 _aGeneral Knowledge-7
260 _aNew Delhi
_bAPC
_c2013